00710cam a2200133 a 4500040000800000082002600008245017500034260012900209300002900338650001000367710007700377710004200454710008000496 cDLC a633 SOU 1981 A053 Or.10aImprovement of post-harvest facilities and systems :bproceedings of the 4th annual Workshop on Grains Post-Harvest Technology, Manila, Philippines, 2O-22 January, 1981 / aCollege, Laguna, Philippines :bSoutheast Asia Cooperative Post-Harvest Research and Development Programme, SEARCA,c[1981?] a462 p. :bill. ;c28 cm. 0aGrain2 aNational Post-Harvest Institute for Research and Extension (Philippines)2 aNational Food Authority (Philippines)2 aSoutheast Asia Cooperative Post-Harvest Research and Development Programme.